000 00671nam a2200229Ia 4500
005 20240209093915.0
008 131103s9999 xx 000 0 und d
040 _aLoreto College
041 _aEnglish
082 _a342.973
_bPRI
100 _aPritchett,C.Herman
245 4 _aThe American Constitution
_cC.Herman Pritchett
250 _a3rd ed.
260 _aNew Delhi
_bTata Mc Graw - Hill Publishing
_c1977
300 _axvi,616 p.
504 _aIncludes bibliographical references and index
630 _aUnited States - Constitutional Law
650 _aConstitution
651 _aConstitutional and Administrative Law
850 _aLCLIB
942 _cBK
999 _c12383
_d62862